| 000 | 00829nam a2200325 a 4500 | ||
|---|---|---|---|
| 003 | AR-BaBNM | ||
| 005 | 20251128204355.0 | ||
| 008 | 082120s2002 ||||||||||||||000 | spa|| | ||
| 020 | _a950-07-0518-2 | ||
| 040 | _cAR-BaBNM | ||
| 100 | 1 | _aMariño, Ricardo | |
| 245 | 0 | 0 | _aEl mar preferido de los piratas |
| 250 | _a3ª ed. | ||
| 260 |
_aBuenos Aires _bSudamericana _c1993 |
||
| 300 |
_a54 p. _bil. |
||
| 490 | 0 |
_aPan flauta _vv. 6 |
|
| 500 | _aBiografías del autor y del ilustrador | ||
| 650 | 4 | _aCUENTO INFANTIL | |
| 650 | 4 | _aLITERATURA INFANTIL | |
| 650 | 4 | _aCULTURA | |
| 650 | 4 | _aHUMANIDADES | |
| 650 | 4 | _aLIBROS PARA NIÑOS | |
| 651 | 4 | _aArgentina | |
| 653 | _aRELATO DE AVENTURAS | ||
| 655 | _aLITERATURA | ||
| 700 | 1 |
_aNine, Carlos _eilustrador |
|
| 800 | 0 | _aCanela | |
| 942 | _cBK | ||
| 998 | _cisola | ||
| 999 |
_c7201 _d7201 |
||